000 00751cab a2200217 4500
001 ABS38044
008 090401t1987 xxu||||| |||| 00| 0 eng d
035 _a(Sirsi) u8331
041 _aeng
100 _aRatcliffe, R.
245 _aLong-distance operation
260 _c1987
350 _a0
490 _aBuilding
_v252(35) 28 August 1987, 22-25(4)
520 _aA feature on the design and construction of the Falkland Islands new hospital . With consultants, management, labour and virtually all materials coming from Britain, the project was completed in less than two and half years. Photos.
650 _aBUILDING PROJECTS
690 _aBUILDING AND CONSTRUCTION-PROJECTS
700 _aTaylor, B.
942 _n0
948 _c04/03/1997
999 _c5114
_d5114